| 000 | 00412nam a22001577a 4500 | ||
|---|---|---|---|
| 003 | LK-CoDNM | ||
| 005 | 20240919135930.0 | ||
| 008 | 240816b |||||||| |||| 00| 0 eng d | ||
| 040 |
_aLK-CoDNM _dLK-CoDNM _eLK-CoDNM |
||
| 041 | _aeng | ||
| 080 | _bGP1912-Vol.XIV | ||
| 245 |
_aThe new law reports 1912 _bvol xiv |
||
| 260 |
_aColombo _bGovernment printers _c1912 |
||
| 300 | _blxvi, 512p. ; 24 cm | ||
| 942 | _cBK | ||
| 999 |
_c148276 _d148276 |
||